|
|
|
|
| LEADER |
01335nam a2200229 u 4500 |
| 001 |
10018919 |
| 003 |
GR-PaULI |
| 005 |
20241126130319.0 |
| 008 |
881025s1984 gr gre |
| 040 |
|
|
|a GR-PaULI
|c GR-PaULI
|b gre
|e AACR2
|
| 082 |
0 |
4 |
|a 337.094 95
|2 23
|
| 100 |
1 |
|
|a Γιαννίτσης, Τάσος,
|d 1944-
|9 30521
|e συγγραφέας.
|
| 245 |
1 |
0 |
|a Διεθνής εξειδίκευση και καταμερισμός εργασίας μεταξύ Ελλάδας και "νεοανερχόμενων βιομηχανικών χωρών" /
|c Τάσου Γιαννίτση.
|
| 260 |
|
|
|a Αθήνα :
|b Κέντρο Προγραμματισμού και Οικονομικών Ερευνών,
|c 1984.
|
| 300 |
|
|
|a 177 σ. ;
|c 24 εκ.
|
| 490 |
1 |
|
|a Θέματα προγραμματισμού
|v 2
|
| 504 |
|
|
|a Περιλαμβάνει βιβλιογραφία.
|
| 650 |
|
4 |
|a Διεθείς οικονομικές σχέσεις
|z Ελλάδα.
|9 142354
|
| 830 |
|
0 |
|a Θέματα προγραμματισμού (Κέντρο Προγραμματισμού και Οικονομικών Ερευνών)
|9 185955
|v 2
|
| 942 |
|
|
|2 ddc
|c BK
|
| 952 |
|
|
|0 0
|1 0
|4 0
|6 337_094000000000000_95_ΓΙΑ
|7 0
|9 173199
|a LISP
|b LISP
|c BSC
|d 2016-04-24
|i 01552
|l 0
|o 337.094 95 ΓΙΑ
|p 025000083561
|r 2016-04-24 00:00:00
|t 1
|w 2016-04-24
|y BK15
|
| 999 |
|
|
|c 108278
|d 108278
|